[Event "36. Copenhagen Open (Politiken Cup)"]
[Site "Elsinore"]
[Date "2014.07.23"]
[Round "4"]
[White "Undheim, Bjarne"]
[Black "Carnstam, Tomas"]
[Result "1-0"]
[WhiteElo "1870"]
[BlackElo "2097"]
[PlyCount "73"]
[EventDate "2014.07.21"]
[EventType "swiss"]
[EventRounds "10"]
[EventCountry "DEN"]
[Source "ChessBase"]
[SourceDate "2014.08.29"]

1. e4 c5 2. Nf3 Nc6 3. Bb5 g6 4. Bxc6 bxc6 5. c4 Bg7 6. Nc3 d6 7. Qe2 e5 8. d3
Ne7 9. O-O O-O 10. Bg5 f6 11. Bd2 Rb8 12. Rab1 Qc7 13. Qd1 f5 14. Ne1 Be6 15.
Be3 f4 16. Bd2 d5 17. Na4 Qd6 18. b3 dxc4 19. dxc4 f3 20. Nxf3 Rxf3 21. gxf3
Bh3 22. Bg5 Qc7 23. Re1 h6 24. Bxe7 Qxe7 25. Kh1 Rd8 26. Qe2 Bf6 27. Rg1 Bg5
28. f4 exf4 29. Qf3 Be6 30. h4 Bxh4 31. Rxg6+ Kh7 32. Rbg1 Rg8 33. Qh5 Bg5 34.
R1xg5 Qxg5 35. Rxg5 Rxg5 36. Qe8 Bg4 37. Qf7+ 1-0

[Event "36. Copenhagen Open (Politiken Cup)"]
[Site "Elsinore"]
[Date "2014.07.23"]
[Round "4"]
[White "Yilmaz, Kazim"]
[Black "Andersen, Claus"]
[Result "1/2-1/2"]
[WhiteElo "1637"]
[BlackElo "1774"]
[PlyCount "69"]
[EventDate "2014.07.21"]
[EventType "swiss"]
[EventRounds "10"]
[EventCountry "DEN"]
[Source "ChessBase"]
[SourceDate "2014.08.29"]

1. Nf3 Nf6 2. Nc3 d5 3. d4 e6 4. Bg5 Be7 5. e3 c5 6. Bb5+ Bd7 7. Qe2 a6 8.
Bxd7+ Qxd7 9. Ne5 Qc7 10. Bf4 Qa5 11. O-O Nbd7 12. Nxd7 Nxd7 13. a4 O-O 14.
Rfd1 cxd4 15. exd4 Bf6 16. Qd2 Rfc8 17. Bg5 Rc6 18. Bxf6 Nxf6 19. Nb1 Qxd2 20.
Rxd2 Rac8 21. c3 b5 22. axb5 axb5 23. Rd1 Ne4 24. Nd2 Nxd2 25. Rxd2 b4 26. cxb4
g6 27. Kf1 Rc4 28. Ra4 Rb8 29. Ke2 Rcxb4 30. Rxb4 Rxb4 31. Kd1 Kg7 32. Kc2 Kf6
33. b3 Ke7 34. Kc3 Rb7 35. Ra2 1/2-1/2

[Event "36. Copenhagen Open (Politiken Cup)"]
[Site "Elsinore"]
[Date "2014.07.23"]
[Round "4"]
[White "Zude, Erik"]
[Black "Weeks, Manuel William"]
[Result "1/2-1/2"]
[WhiteElo "2381"]
[BlackElo "2206"]
[PlyCount "61"]
[EventDate "2014.07.21"]
[EventType "swiss"]
[EventRounds "10"]
[EventCountry "DEN"]
[Source "ChessBase"]
[SourceDate "2014.08.29"]

1. d4 Nf6 2. c4 e6 3. Nc3 Bb4 4. e3 c5 5. Nge2 cxd4 6. exd4 O-O 7. a3 Be7 8.
Nf4 d5 9. cxd5 Nxd5 10. Ncxd5 exd5 11. Bd3 Nc6 12. Be3 Bf6 13. O-O Re8 14. Rc1
Be6 15. b4 a6 16. Bb1 g6 17. Ba2 Qd6 18. Rc5 Ne7 19. Qf3 Bg7 20. Rfc1 Rad8 21.
h4 Nf5 22. h5 Nxd4 23. Bxd4 Bxd4 24. hxg6 hxg6 25. Nxe6 fxe6 26. Qg4 Bxc5 27.
Qxg6+ Kf8 28. Qf6+ Kg8 29. Qg6+ Kf8 30. Qf6+ Kg8 31. Qg6+ 1/2-1/2

[Event "36. Copenhagen Open (Politiken Cup)"]
[Site "Elsinore"]
[Date "2014.07.24"]
[Round "5"]
[White "Abrahamyan, Tatev"]
[Black "Djurhuus, Eivind X"]
[Result "1-0"]
[WhiteElo "2366"]
[BlackElo "2079"]
[PlyCount "65"]
[EventDate "2014.07.21"]
[EventType "swiss"]
[EventRounds "10"]
[EventCountry "DEN"]
[Source "ChessBase"]
[SourceDate "2014.08.29"]

1. e4 e5 2. Nf3 Nc6 3. Bc4 Bc5 4. O-O Nf6 5. d3 O-O 6. Re1 d6 7. c3 a6 8. Bb3
Ba7 9. h3 h6 10. Nbd2 Re8 11. Nf1 Be6 12. Bc2 d5 13. Qe2 Qd7 14. Ng3 Rad8 15.
Kh2 b5 16. Nh4 d4 17. Bd2 dxc3 18. bxc3 Bc4 19. Qf3 Bxd3 20. Bb3 Bc4 21. Bxh6
Qe6 22. Ngf5 Rd3 23. Re3 Bxe3 24. fxe3 g6 25. Bxc4 bxc4 26. Rf1 Nd7 27. Qg3 Rb8
28. Bg7 Nf8 29. Bxf8 Kxf8 30. Nh6 Kg7 31. Rxf7+ Qxf7 32. Nxf7 Ne7 33. Nxe5 1-0

[Event "36. Copenhagen Open (Politiken Cup)"]
[Site "Elsinore"]
[Date "2014.07.24"]
[Round "5"]
[White "Alfven, Jorgen"]
[Black "Thogersen, Rasmus"]
[Result "0-1"]
[WhiteElo "1883"]
[BlackElo "2089"]
[PlyCount "84"]
[EventDate "2014.07.21"]
[EventType "swiss"]
[EventRounds "10"]
[EventCountry "DEN"]
[Source "ChessBase"]
[SourceDate "2014.08.29"]

1. d4 Nf6 2. c4 g6 3. Nc3 Bg7 4. e4 d6 5. f4 O-O 6. Nf3 c5 7. d5 e6 8. Bd3 exd5
9. cxd5 Re8 10. O-O c4 11. Bc2 b5 12. e5 Ng4 13. h3 Qb6+ 14. Qd4 Qxd4+ 15. Nxd4
b4 16. Ncb5 dxe5 17. Nc7 exd4 18. Nxe8 Nf6 19. Nc7 Bb7 20. Re1 Nbd7 21. Nxa8
Bxa8 22. Ba4 Bxd5 23. Bxd7 Nxd7 24. Re8+ Bf8 25. Rd8 Bc6 26. f5 Kg7 27. Rc8 Be4
28. fxg6 hxg6 29. Rd8 Bc6 30. Bf4 Bc5 31. Kf1 Kf6 32. g4 c3 33. b3 g5 34. Bg3
d3 35. Bf2 d2 36. Be1 Be3 37. Bxd2 cxd2 38. Ke2 Bf4 39. Rf1 Ke5 40. Rf3 Nf6 41.
Rb8 Ne4 42. Rxf4 gxf4 0-1

[Event "36. Copenhagen Open (Politiken Cup)"]
[Site "Elsinore"]
[Date "2014.07.24"]
[Round "5"]
[White "Alle, Ambjorn"]
[Black "Houska, Jovanka"]
[Result "1/2-1/2"]
[WhiteElo "2196"]
[BlackElo "2409"]
[PlyCount "70"]
[EventDate "2014.07.21"]
[EventType "swiss"]
[EventRounds "10"]
[EventCountry "DEN"]
[Source "ChessBase"]
[SourceDate "2014.08.29"]

1. Nf3 d5 2. c4 c6 3. d4 Nf6 4. Nc3 e6 5. g3 Nbd7 6. Qd3 Bd6 7. Bg2 b6 8. cxd5
cxd5 9. O-O Bb7 10. Nd2 Be7 11. e4 dxe4 12. Ndxe4 Nxe4 13. Nxe4 Bd5 14. Bf4 O-O
15. Rfc1 Nf6 16. Be5 h6 17. Rc3 Bxe4 18. Bxe4 Nd5 19. Rc4 Qd7 20. Rac1 Rad8 21.
Qf3 Bg5 22. R1c2 f6 23. Bc7 f5 24. Bd3 Nxc7 25. Rxc7 Qxd4 26. Bc4 f4 27. Bxe6+
Kh8 28. Rc8 Qd6 29. Rxd8 Rxd8 30. Bf5 fxg3 31. hxg3 Bf6 32. Qg4 Bd4 33. Qg6
Qxg6 34. Bxg6 Bc5 35. Re2 Kg8 1/2-1/2

[Event "36. Copenhagen Open (Politiken Cup)"]
[Site "Elsinore"]
[Date "2014.07.24"]
[Round "5"]
[White "Andersen, Daniel"]
[Black "Thybo, Jesper Sondergaard"]
[Result "0-1"]
[WhiteElo "1967"]
[BlackElo "2121"]
[PlyCount "34"]
[EventDate "2014.07.21"]
[EventType "swiss"]
[EventRounds "10"]
[EventCountry "DEN"]
[Source "ChessBase"]
[SourceDate "2014.08.29"]

1. c4 Nf6 2. Nc3 g6 3. e4 d6 4. d4 Bg7 5. f3 O-O 6. Be3 c5 7. dxc5 dxc5 8. Qxd8
Rxd8 9. Bxc5 Nc6 10. Nge2 b6 11. Ba3 Bb7 12. Nd5 e6 13. Nxf6+ Bxf6 14. Nf4 Nd4
15. Bd3 Be5 16. Nh3 Nxf3+ 17. gxf3 Rxd3 0-1

[Event "36. Copenhagen Open (Politiken Cup)"]
[Site "Elsinore"]
[Date "2014.07.24"]
[Round "5"]
[White "Andersen, Guttorm"]
[Black "Biasi, Grace"]
[Result "1-0"]
[WhiteElo "1845"]
[BlackElo "1668"]
[PlyCount "87"]
[EventDate "2014.07.21"]
[EventType "swiss"]
[EventRounds "10"]
[EventCountry "DEN"]
[Source "ChessBase"]
[SourceDate "2014.08.29"]

1. d4 d5 2. c4 c6 3. cxd5 cxd5 4. Nc3 Nc6 5. Bf4 Bf5 6. e3 a6 7. Bd3 Bg6 8.
Bxg6 hxg6 9. Qb3 e6 10. Qxb7 Nb4 11. Kd2 Rc8 12. a3 Nc6 13. Nf3 Nge7 14. Qxa6
Na5 15. Qb5+ Nec6 16. Ke2 Nc4 17. Ne5 N4xe5 18. Bxe5 f6 19. Bg3 Bd6 20. Qd3 Kf7
21. b4 Ra8 22. Bxd6 Qxd6 23. h3 Rhc8 24. h4 f5 25. g3 Kf6 26. Rhc1 Qd7 27. Qb1
Rcb8 28. Nd1 Na5 29. Rc3 Nc4 30. Nb2 Rc8 31. Nxc4 Qb5 32. Ke1 Rxc4 33. Qb2 Rac8
34. Rac1 Qa4 35. Rxc4 Rxc4 36. Rxc4 dxc4 37. d5+ Kf7 38. dxe6+ Kxe6 39. Qc3 Qc6
40. Ke2 Qe4 41. b5 Kd6 42. Qd4+ Qxd4 43. exd4 Kd5 44. Kd2 1-0

[Event "36. Copenhagen Open (Politiken Cup)"]
[Site "Elsinore"]
[Date "2014.07.24"]
[Round "5"]
[White "Andersen, Morten"]
[Black "Risting, Eivind Olav"]
[Result "0-1"]
[WhiteElo "2143"]
[BlackElo "1875"]
[PlyCount "64"]
[EventDate "2014.07.21"]
[EventType "swiss"]
[EventRounds "10"]
[EventCountry "DEN"]
[Source "ChessBase"]
[SourceDate "2014.08.29"]

1. f4 d5 2. Nf3 Nf6 3. g3 g6 4. Bg2 Bg7 5. d3 c5 6. O-O O-O 7. c3 Nc6 8. Qc2
Rb8 9. e4 dxe4 10. dxe4 b5 11. Be3 c4 12. h3 Qc7 13. g4 Rd8 14. Nbd2 a5 15. f5
Nd7 16. g5 Nde5 17. Nd4 Nxd4 18. cxd4 Qb6 19. a4 Nc6 20. f6 Nxd4 21. Qd1 exf6
22. axb5 fxg5 23. Nxc4 Qxb5 24. Qa4 Ba6 25. Nxa5 Qxa4 26. Rxa4 Bxf1 27. Kxf1
Rxb2 28. Bxg5 f6 29. Be3 Nb3 30. Kg1 Ra8 31. Bf1 Rxa5 32. Bc4+ Kf8 0-1

[Event "36. Copenhagen Open (Politiken Cup)"]
[Site "Elsinore"]
[Date "2014.07.24"]
[Round "5"]
[White "Andersen, Rune Egede"]
[Black "Tallaksen, Henrik G"]
[Result "1-0"]
[WhiteElo "2132"]
[BlackElo "1771"]
[PlyCount "41"]
[EventDate "2014.07.21"]
[EventType "swiss"]
[EventRounds "10"]
[EventCountry "DEN"]
[Source "ChessBase"]
[SourceDate "2014.08.29"]

1. e4 e5 2. Nf3 Nc6 3. d4 exd4 4. Bc4 Bb4+ 5. c3 dxc3 6. O-O Nge7 7. a3 Ba5 8.
b4 Bb6 9. Nxc3 d6 10. Qb3 O-O 11. Bb2 Nd4 12. Nxd4 Bxd4 13. Rad1 Bf6 14. f4 c6
15. Kh1 b5 16. Bxf7+ Rxf7 17. e5 Bh4 18. Rxd6 Qc7 19. Nxb5 cxb5 20. Rc1 Qb7 21.
Rd8# 1-0

[Event "36. Copenhagen Open (Politiken Cup)"]
[Site "Elsinore"]
[Date "2014.07.24"]
[Round "5"]
[White "Andersson, Thorbjorn"]
[Black "Leite, Steinar"]
[Result "1/2-1/2"]
[WhiteElo "1950"]
[BlackElo "1760"]
[PlyCount "71"]
[EventDate "2014.07.21"]
[EventType "swiss"]
[EventRounds "10"]
[EventCountry "DEN"]
[Source "ChessBase"]
[SourceDate "2014.08.29"]

1. e4 e5 2. Nf3 Nc6 3. Bc4 Bc5 4. O-O Nf6 5. c3 d6 6. d4 exd4 7. cxd4 Bb6 8. h3
O-O 9. Nc3 Ne7 10. Bd3 c5 11. e5 Nfd5 12. Bxh7+ Kxh7 13. Ng5+ Kg8 14. Nxd5 Nxd5
15. dxc5 dxc5 16. Qh5 Bf5 17. Rd1 Qd7 18. Be3 Rad8 19. e6 Qe7 20. g4 Nf6 21.
exf7+ Rxf7 22. Rxd8+ Rf8 23. Rxf8+ Qxf8 24. Qh4 Bg6 25. Qg3 Ne4 26. Nxe4 Bxe4
27. Qf4 Qe7 28. Re1 Bc7 29. Qg5 Qf7 30. Bf4 Bc6 31. Bxc7 Qf3 32. Qd8+ Kh7 33.
Qh4+ Kg8 34. Qd8+ Kh7 35. Qh4+ Kg8 36. Qd8+ 1/2-1/2

[Event "36. Copenhagen Open (Politiken Cup)"]
[Site "Elsinore"]
[Date "2014.07.24"]
[Round "5"]
[White "Astrom, Lars"]
[Black "Haug, Johannes"]
[Result "0-1"]
[WhiteElo "1939"]
[BlackElo "2136"]
[PlyCount "66"]
[EventDate "2014.07.21"]
[EventType "swiss"]
[EventRounds "10"]
[EventCountry "DEN"]
[Source "ChessBase"]
[SourceDate "2014.08.29"]

1. e4 c6 2. d4 d5 3. exd5 cxd5 4. c4 Nc6 5. Nc3 Nf6 6. Nf3 Be6 7. c5 g6 8. Be3
Bg7 9. Bd3 O-O 10. a3 b6 11. Bb5 Qc8 12. Qa4 Bd7 13. Ne5 Nxe5 14. dxe5 Bxb5 15.
Qxb5 Ng4 16. Nxd5 Qe6 17. Nc7 Qxe5 18. Nxa8 Nxe3 19. fxe3 Qxe3+ 20. Qe2 Qxc5
21. Nxb6 axb6 22. Rd1 Rc8 23. Rf1 Rc6 24. Rf4 Bh6 25. Re4 Rf6 26. Rdd4 e5 27.
Rd8+ Kg7 28. Qc4 Qg1+ 29. Ke2 Rf2+ 30. Kd3 Rd2+ 31. Kc3 Qc1+ 32. Kb3 Rxb2+ 33.
Ka4 Qxc4+ 0-1

[Event "36. Copenhagen Open (Politiken Cup)"]
[Site "Elsinore"]
[Date "2014.07.24"]
[Round "5"]
[White "Beshukov, Sergei"]
[Black "Skjoldager, Per"]
[Result "1-0"]
[WhiteElo "2423"]
[BlackElo "2131"]
[PlyCount "75"]
[EventDate "2014.07.21"]
[EventType "swiss"]
[EventRounds "10"]
[EventCountry "DEN"]
[Source "ChessBase"]
[SourceDate "2014.08.29"]

1. Nf3 Nf6 2. b3 d6 3. d4 Nbd7 4. Bb2 e6 5. g3 b6 6. Bg2 Bb7 7. O-O d5 8. c4
Be7 9. cxd5 exd5 10. Nc3 O-O 11. Qc2 Re8 12. Rfd1 Bf8 13. Rac1 c6 14. e3 Bd6
15. Ng5 h6 16. Nf3 Qe7 17. Re1 Rac8 18. Nd2 c5 19. dxc5 Nxc5 20. Bh3 d4 21.
exd4 Qxe1+ 22. Rxe1 Rxe1+ 23. Nf1 Ncd7 24. Qd2 Rce8 25. Bg2 Ba6 26. a3 b5 27.
Qd3 Nb6 28. Bf3 Bc8 29. Nxb5 Bb8 30. Bc3 Rc1 31. Qd2 Ree1 32. Qxe1 Rxe1 33.
Bxe1 Be6 34. b4 Nbd5 35. Nc3 Bd6 36. Ne3 Nxe3 37. fxe3 Ng4 38. Bd2 1-0

[Event "36. Copenhagen Open (Politiken Cup)"]
[Site "Elsinore"]
[Date "2014.07.24"]
[Round "5"]
[White "Bjorn, Lasse E"]
[Black "Egholm, Leif"]
[Result "1-0"]
[WhiteElo "1910"]
[BlackElo "1718"]
[PlyCount "85"]
[EventDate "2014.07.21"]
[EventType "swiss"]
[EventRounds "10"]
[EventCountry "DEN"]
[Source "ChessBase"]
[SourceDate "2014.08.29"]

1. e4 c6 2. d4 d5 3. Nc3 dxe4 4. Nxe4 Bf5 5. Ng3 Bg6 6. h4 h6 7. Nf3 Nd7 8. Bc4
e6 9. h5 Bh7 10. O-O Ngf6 11. Qe2 Be7 12. Re1 Nd5 13. Nf1 Qc7 14. g3 N7f6 15.
Ne5 O-O 16. Ne3 Rad8 17. N3g4 Kh8 18. Nxh6 Bb4 19. c3 Nxc3 20. bxc3 Bxc3 21.
Ba3 Ne4 22. Bxf8 Rxf8 23. Nhxf7+ Rxf7 24. Nxf7+ Qxf7 25. Bd3 Ng5 26. Bxh7 Bxd4
27. Bg6 Qf6 28. Rad1 Bxf2+ 29. Kg2 Bxe1 30. Rxe1 e5 31. Rf1 Qe7 32. Qc2 Kg8 33.
Qf5 Qd8 34. Qxe5 c5 35. Qe8+ Qxe8 36. Bxe8 Kh7 37. Bg6+ Kh6 38. Re1 c4 39. Re8
c3 40. Rh8+ Nh7 41. Rxh7+ Kg5 42. Rxg7 Kh6 43. Rxb7 1-0

[Event "36. Copenhagen Open (Politiken Cup)"]
[Site "Elsinore"]
[Date "2014.07.24"]
[Round "5"]
[White "Bohman, Leif"]
[Black "Myhre, Mads Wollan"]
[Result "0-1"]
[WhiteElo "1866"]
[BlackElo "1509"]
[PlyCount "99"]
[EventDate "2014.07.21"]
[EventType "swiss"]
[EventRounds "10"]
[EventCountry "DEN"]
[Source "ChessBase"]
[SourceDate "2014.08.29"]

1. d4 d5 2. Nf3 Nf6 3. Bf4 c5 4. c3 Nc6 5. e3 Qb6 6. Qb3 c4 7. Qc2 Bf5 8. Qc1
e6 9. Nbd2 Qa5 10. a4 Qb6 11. Be2 Ne4 12. O-O Na5 13. h3 Rc8 14. Bd1 Be7 15.
Re1 O-O 16. Nxe4 Bxe4 17. Nd2 Bg6 18. e4 Bd6 19. Bxd6 Qxd6 20. e5 Qe7 21. Bc2
Rc7 22. Qd1 Bxc2 23. Qxc2 Nc6 24. Nf3 Rb8 25. Re2 a6 26. a5 b5 27. axb6 Rxb6
28. Ra2 Ra7 29. Nd2 a5 30. b3 cxb3 31. Nxb3 h6 32. Nc5 Nb8 33. Qa4 Qg5 34. Re1
Qf5 35. Qd1 Nd7 36. g4 Qf4 37. Nd3 Qg5 38. Kg2 Qe7 39. Re3 Rba6 40. Rf3 a4 41.
Nb4 Rb6 42. Rxa4 Rc7 43. Qd2 Rc4 44. Ra8+ Kh7 45. Qc2+ g6 46. Nd3 Rbc6 47. Nb4
Rxb4 48. h4 Rxd4 49. Kh3 h5 50. g5 0-1

[Event "36. Copenhagen Open (Politiken Cup)"]
[Site "Elsinore"]
[Date "2014.07.24"]
[Round "5"]
[White "Bratveit, Kristoffer"]
[Black "Bjornsson, Eirikur K"]
[Result "0-1"]
[WhiteElo "1724"]
[BlackElo "1939"]
[PlyCount "38"]
[EventDate "2014.07.21"]
[EventType "swiss"]
[EventRounds "10"]
[EventCountry "DEN"]
[Source "ChessBase"]
[SourceDate "2014.08.29"]

1. e4 c5 2. Nf3 g6 3. d4 cxd4 4. Nxd4 Nc6 5. Be3 Nf6 6. Nc3 Bg7 7. f3 O-O 8.
Qd2 d5 9. exd5 Nxd5 10. Nxd5 Qxd5 11. Nxc6 Qxc6 12. O-O-O Bf5 13. Bd3 Rfd8 14.
Qe2 Qf6 15. c3 Rdc8 16. Bd4 Qxd4 17. Bxf5 Qf4+ 18. Kb1 Qxf5+ 19. Ka1 Rxc3 0-1

[Event "36. Copenhagen Open (Politiken Cup)"]
[Site "Elsinore"]
[Date "2014.07.24"]
[Round "5"]
[White "Brorsen, Jacob Abildlund"]
[Black "Schroeder, Jan Christian"]
[Result "0-1"]
[WhiteElo "2179"]
[BlackElo "2370"]
[PlyCount "100"]
[EventDate "2014.07.21"]
[EventType "swiss"]
[EventRounds "10"]
[EventCountry "DEN"]
[Source "ChessBase"]
[SourceDate "2014.08.29"]

1. d4 d5 2. Nf3 Nf6 3. g3 e6 4. Bg2 Be7 5. O-O b5 6. Ne5 Bb7 7. a4 b4 8. c4 O-O
9. c5 Nfd7 10. Nd3 a5 11. Nd2 Nc6 12. Nf3 Bf6 13. Be3 Qe7 14. Rc1 Rfe8 15. Qb3
Rad8 16. Rfd1 Ba8 17. Rc2 Nf8 18. h4 h5 19. Nde5 Nd7 20. Bf4 Bxe5 21. Bxe5
Ncxe5 22. Nxe5 Nxe5 23. dxe5 Bc6 24. Ra1 f6 25. Qd3 fxe5 26. Qa6 Qd7 27. Qxa5
Rb8 28. Qa6 Ra8 29. Qd3 Bxa4 30. Rcc1 Bb5 31. Qd2 b3 32. Qe3 e4 33. Qxb3 Bxe2
34. Qe3 Bg4 35. b4 Rxa1 36. Rxa1 e5 37. Qb3 Qf7 38. b5 Rf8 39. Qb2 Bf3 40. Bf1
d4 41. b6 cxb6 42. cxb6 e3 43. fxe3 dxe3 44. Qb5 Bd5 45. Qe2 Qg6 46. Qxe3 Rf3
47. Qxe5 Qxb6+ 48. Kh2 Rf2+ 49. Kh3 Be6+ 50. g4 Qb3+ 0-1

[Event "36. Copenhagen Open (Politiken Cup)"]
[Site "Elsinore"]
[Date "2014.07.24"]
[Round "5"]
[White "Brouwer, Rein"]
[Black "Morkedal, Oyvind"]
[Result "1-0"]
[WhiteElo "2035"]
[BlackElo "1719"]
[PlyCount "71"]
[EventDate "2014.07.21"]
[EventType "swiss"]
[EventRounds "10"]
[EventCountry "DEN"]
[Source "ChessBase"]
[SourceDate "2014.08.29"]

1. d4 Nf6 2. c4 c5 3. d5 b5 4. cxb5 a6 5. bxa6 g6 6. Nc3 Bxa6 7. Nf3 d6 8. e4
Bxf1 9. Kxf1 Nbd7 10. g3 Bg7 11. Kg2 O-O 12. h3 Qa5 13. Re1 Rfb8 14. e5 Nxe5
15. Nxe5 dxe5 16. Rxe5 Rb7 17. Qe2 Raa7 18. Bg5 h6 19. Be3 Ne8 20. Re4 Bxc3 21.
bxc3 Qxc3 22. Rc1 Rb2 23. Rxc3 Rxe2 24. Kf3 Raxa2 25. Rxe7 Nd6 26. g4 Kf8 27.
Rd7 Rxf2+ 28. Bxf2 Rxf2+ 29. Kxf2 Ne4+ 30. Kf3 Nxc3 31. d6 Ke8 32. Re7+ Kf8 33.
Re5 Nb5 34. d7 Nd4+ 35. Ke3 Nc6 36. Re8+ 1-0

[Event "36. Copenhagen Open (Politiken Cup)"]
[Site "Elsinore"]
[Date "2014.07.24"]
[Round "5"]
[White "Carnstam, Tomas"]
[Black "Jorgensen, Alexander Torp"]
[Result "0-1"]
[WhiteElo "2097"]
[BlackElo "1762"]
[PlyCount "132"]
[EventDate "2014.07.21"]
[EventType "swiss"]
[EventRounds "10"]
[EventCountry "DEN"]
[Source "ChessBase"]
[SourceDate "2014.08.29"]

1. c4 Nf6 2. Nc3 g6 3. e4 e5 4. Nf3 d6 5. d4 exd4 6. Nxd4 Bg7 7. Be2 O-O 8. O-O
c6 9. Nb3 Re8 10. c5 Nxe4 11. Nxe4 Rxe4 12. Bf3 Re6 13. Bf4 d5 14. Nd4 Re8 15.
Qd2 Na6 16. b4 Qf6 17. Rad1 Qxd4 18. Qxd4 Bxd4 19. Rxd4 Be6 20. Bd6 Nb8 21. a4
a6 22. g4 Nd7 23. Bd1 Nf6 24. f3 Red8 25. Be7 Nd7 26. Bxd8 Rxd8 27. f4 f5 28.
Re1 Kf7 29. g5 a5 30. bxa5 Nxc5 31. Rb4 Ra8 32. Re3 Rxa5 33. Rc3 Bc8 34. Rh3
Kg7 35. Kf2 Ne4+ 36. Ke1 c5 37. Rb5 Rxb5 38. axb5 Bd7 39. b6 d4 40. Ra3 c4 41.
Ba4 c3 42. Bc2 Bb5 43. Ra7 Nc5 44. Ra5 d3 45. Kd1 dxc2+ 46. Kxc2 Ne6 47. Kxc3
Bc6 48. Kd2 Nxf4 49. Rc5 Be4 50. Rc7+ Kg8 51. Rc8+ Kf7 52. Rc7+ Ke6 53. Rxh7
Nh5 54. Ke3 Kd6 55. Rc7 Bd5 56. h4 f4+ 57. Kf2 Bc6 58. Rc8 Kc5 59. Rg8 Be4 60.
Re8 Bf5 61. Re5+ Kxb6 62. Rxf5 gxf5 63. Kf3 Kc5 64. g6 b5 65. g7 Nxg7 66. Kxf4
b4 0-1

[Event "36. Copenhagen Open (Politiken Cup)"]
[Site "Elsinore"]
[Date "2014.07.24"]
[Round "5"]
[White "Christensen, Casper"]
[Black "Akdag, Dara Sevkan"]
[Result "0-1"]
[WhiteElo "2004"]
[BlackElo "2236"]
[PlyCount "146"]
[EventDate "2014.07.21"]
[EventType "swiss"]
[EventRounds "10"]
[EventCountry "DEN"]
[Source "ChessBase"]
[SourceDate "2014.08.29"]

1. e4 c5 2. Nf3 d6 3. d4 cxd4 4. Nxd4 Nf6 5. Nc3 a6 6. a4 g6 7. Be2 Bg7 8. Be3
O-O 9. Qd2 Nc6 10. h3 Bd7 11. O-O Rc8 12. Nb3 Ne5 13. Bd4 Nc4 14. Bxc4 Rxc4 15.
Qd3 Rc8 16. Rfc1 Be6 17. Nd2 Qd7 18. a5 Qc6 19. Ra4 Rfd8 20. b3 d5 21. e5 Nd7
22. Qe3 Nxe5 23. Bb6 Re8 24. Ne2 Qd6 25. c4 dxc4 26. bxc4 Qd3 27. Nf4 Qxe3 28.
Bxe3 Bd7 29. Rb4 Bc6 30. Rcb1 e6 31. Ne2 Nd3 32. Rb6 Red8 33. Nb3 Ne5 34. Nc5
Nxc4 35. Nxb7 Bxb7 36. Rxb7 Nxe3 37. fxe3 Rc5 38. Ra7 Rxa5 39. Rab7 Rf8 40. Nf4
Bh6 41. Kf2 Bg7 42. Nd3 Ra2+ 43. Kf3 Ra3 44. Ke2 Bh6 45. Rd7 e5 46. e4 Rc8 47.
h4 Rc2+ 48. Kf3 Rd2 49. Rb8+ Bf8 50. Rbd8 Kg7 51. Kg3 Be7 52. Rxe7 Raxd3+ 53.
Rxd3 Rxd3+ 54. Kf2 Kf6 55. Rc7 Ke6 56. Rc6+ Rd6 57. Rc7 Rb6 58. Kf3 h5 59. Rc8
Kd7 60. Rf8 Rf6+ 61. Ke3 Kc7 62. Re8 Re6 63. Rf8 Re7 64. Kd3 Kb6 65. Rb8+ Ka7
66. Rd8 a5 67. Rd6 Rc7 68. Rd5 Kb6 69. Rxe5 a4 70. Re8 a3 71. Ra8 Ra7 72. Rxa7
Kxa7 73. Kc3 Kb6 0-1

[Event "36. Copenhagen Open (Politiken Cup)"]
[Site "Elsinore"]
[Date "2014.07.24"]
[Round "5"]
[White "Christenson, Bjorn Aa"]
[Black "Brondum, Eric"]
[Result "0-1"]
[WhiteElo "1931"]
[BlackElo "2119"]
[PlyCount "70"]
[EventDate "2014.07.21"]
[EventType "swiss"]
[EventRounds "10"]
[EventCountry "DEN"]
[Source "ChessBase"]
[SourceDate "2014.08.29"]

1. e4 g6 2. d4 Bg7 3. Nf3 d6 4. Be2 a6 5. Nc3 e6 6. O-O Ne7 7. Bg5 Nd7 8. Re1
b6 9. a3 Bb7 10. Qd2 h6 11. Be3 Nf6 12. Bd3 g5 13. h3 c5 14. Qe2 Qc7 15. Rad1
O-O 16. Bc1 cxd4 17. Nxd4 Ng6 18. Bc4 Rfe8 19. Qf1 Nd7 20. Be3 Nde5 21. Bb3
Rad8 22. f3 b5 23. a4 Nc4 24. Bc1 Qc5 25. Qf2 b4 26. Nb1 Na5 27. c3 bxc3 28.
bxc3 e5 29. Ba3 Qb6 30. Ba2 exd4 31. cxd4 Nc6 32. Bb2 Nb4 33. Bc4 Rc8 34. Rc1
Rxc4 35. Rxc4 Nd3 0-1

[Event "36. Copenhagen Open (Politiken Cup)"]
[Site "Elsinore"]
[Date "2014.07.24"]
[Round "5"]
[White "Christiansen, Torsten Sundgaar"]
[Black "Starup, Leo"]
[Result "1-0"]
[WhiteElo "1793"]
[BlackElo "1594"]
[PlyCount "119"]
[EventDate "2014.07.21"]
[EventType "swiss"]
[EventRounds "10"]
[EventCountry "DEN"]
[Source "ChessBase"]
[SourceDate "2014.08.29"]

1. d4 Nf6 2. e3 e6 3. f4 b6 4. Nf3 Bb7 5. Bd3 Be7 6. O-O d6 7. Nbd2 Nbd7 8. Qe2
O-O 9. c3 Re8 10. b3 c5 11. Bb2 h6 12. Rac1 Nd5 13. Ne4 N7f6 14. Nxf6+ Bxf6 15.
c4 Nb4 16. Bb1 a5 17. a4 Rc8 18. Rcd1 Qc7 19. e4 d5 20. e5 Be7 21. Kh1 Rcd8 22.
f5 exf5 23. Bxf5 Bf8 24. dxc5 bxc5 25. e6 d4 26. Nxd4 cxd4 27. Bxd4 Nc6 28. Qg4
Rxd4 29. Rxd4 Nxd4 30. exf7+ Qxf7 31. Qxd4 Qxf5 32. Rxf5 Re1+ 33. Qg1 Rxg1+ 34.
Kxg1 Bb4 35. Kf2 Be4 36. Rf4 Bc2 37. Rf3 Be4 38. Rg3 Bd6 39. Rh3 Bc5+ 40. Kf1
Bb4 41. Re3 Bc2 42. Ke2 Kf7 43. g4 Kf6 44. c5 Bxc5 45. Rc3 Bxb3 46. Rxc5 Bxa4
47. Rxa5 Bd7 48. Kf3 g6 49. h4 Be8 50. Kf4 h5 51. Ra6+ Kg7 52. g5 Bb5 53. Ra7+
Kg8 54. Ke5 Bd3 55. Kf6 Be4 56. Rg7+ Kh8 57. Rxg6 Bxg6 58. Kxg6 Kg8 59. Kxh5
Kg7 60. Kg4 1-0

[Event "36. Copenhagen Open (Politiken Cup)"]
[Site "Elsinore"]
[Date "2014.07.24"]
[Round "5"]
[White "Degerfeldt, Sven"]
[Black "Hansen, Anders1"]
[Result "1-0"]
[WhiteElo "1920"]
[BlackElo "1735"]
[PlyCount "73"]
[EventDate "2014.07.21"]
[EventType "swiss"]
[EventRounds "10"]
[EventCountry "DEN"]
[Source "ChessBase"]
[SourceDate "2014.08.29"]

1. d4 Nf6 2. c4 e6 3. Nc3 d5 4. cxd5 exd5 5. Bg5 Bb4 6. Qa4+ Nc6 7. e3 O-O 8.
Bd3 Re8 9. Nge2 Be7 10. a3 Ne4 11. Bxe7 Nxc3 12. Qc2 Rxe7 13. Bxh7+ Kf8 14.
bxc3 g6 15. Bxg6 fxg6 16. Nf4 Re4 17. Nxg6+ Kg7 18. Nf4 Bf5 19. Qb3 Rb8 20. g4
Be6 21. h4 Qd6 22. Nh5+ Kg6 23. Rg1 Qh2 24. O-O-O Qd6 25. f4 Bg8 26. f5+ Kh6
27. Rdf1 Rxe3 28. g5+ Kh7 29. Kd2 Rh3 30. Nf4 Nxd4 31. Qd1 Rh2+ 32. Rg2 Rxg2+
33. Nxg2 Nc6 34. Qh5+ Kg7 35. f6+ Kf8 36. g6 Ne5 37. g7# 1-0